[Event "Dt. Senioren-Mannschaftsmeisterschaft der Landesverbände 2017"]
[Site "Templin"]
[Date "2017.09.28"]
[Round "4.1"]
[White "Kalinitschew, Sergey"]
[Black "Nekrasov, Mihail"]
[Result "1-0"]
[BlackElo "2359"]
[WhiteElo "2423"]
[LiveChessVersion "1.4.8"]

1. c4 e6 2. Nf3 d5 3. b3 Nf6 4. g3 Be7 5. Bg2 O-O 6. O-O c5 7. cxd5 Nxd5 8. Bb2
Bf6 9. d4 cxd4 10. Nxd4 Qb6 11. Na3 Rd8 12. Nc4 Qa6 13. Qc1 Nb6 14. Rd1 Bd7 15.
Nd6 Nd5 16. N4f5 Bxb2 17. Qxb2 f6 18. Rxd5 exf5 19. Nxf5 Nc6 20. Nxg7 Kxg7 21.
Rd6 Ne5 22. Rxa6 1-0

[Event "Dt. Senioren-Mannschaftsmeisterschaft der Landesverbände 2017"]
[Site "Templin"]
[Date "2017.09.28"]
[Round "4.2"]
[White "Werner, Clemens"]
[Black "Lehmann, Klaus"]
[Result "0-1"]
[BlackElo "2321"]
[WhiteElo "2306"]
[LiveChessVersion "1.4.8"]

1. e4 d6 2. d4 Nf6 3. Nc3 e5 4. Nf3 Nbd7 5. Bc4 Be7 6. O-O O-O 7. Qe2 c6 8. a4
Qc7 9. a5 exd4 10. Nxd4 Nc5 11. Re1 Re8 12. Bf4 Bg4 13. f3 Bd7 14. Qf2 Ne6 15.
Be3 Nf8 16. Nde2 Be6 17. Bd3 a6 18. Nf4 N6d7 19. Nxe6 Nxe6 20. f4 Nec5 21. h3
Bf8 22. Bd4 Nxd3 23. cxd3 Nc5 24. Bxc5 dxc5 25. Kh1 Rad8 26. Red1 Rd7 27. Qf3
Red8 28. e5 Rd4 29. Ne4 Qd7 30. Nf2 Rb4 31. Rd2 Qd4 32. Ne4 Rxb2 33. Rxb2 Qxb2
34. Re1 Qd4 35. Re3 Be7 36. Ng3 g6 37. Kh2 Rf8 38. Ne2 Qd5 39. Qg3 f5 40. h4 Kh8
41. Qh3 c4 42. dxc4 Qd2 43. Qf3 Rd8 44. Rb3 Qe1 45. Rxb7 Rd1 46. Ng3 Bxh4 47.
Rb8+ Kg7 48. Rb7+ Kg8 49. Rb8+ Kf7 50. Rb7+ Kf8 51. Rb8+ Ke7 52. Rb7+ Kd8 53.
Rb8+ Kc7 54. Rc8+ Kxc8 55. Qxc6+ Kd8 56. Qb6+ Ke8 57. Qe6+ Kf8 58. Qc8+ Kf7 59.
Qb7+ Be7 60. Qxa6 Rd3 0-1

[Event "Dt. Senioren-Mannschaftsmeisterschaft der Landesverbände 2017"]
[Site "Templin"]
[Date "2017.09.28"]
[Round "4.3"]
[White "Glienke, Manfred, Dr."]
[Black "Herbrechtsmeier, Christof"]
[Result "0-1"]
[BlackElo "2270"]
[WhiteElo "2266"]
[LiveChessVersion "1.4.8"]

1. Nf3 Nf6 2. d4 g6 3. Bf4 d6 4. h3 Bg7 5. e3 O-O 6. Be2 Nfd7 7. e4 e5 8. Be3
exd4 9. Bxd4 Ne5 10. Nxe5 dxe5 11. Be3 Qxd1+ 12. Bxd1 Be6 13. Be2 Nd7 14. Nd2
Rfd8 15. Bc4 Nf8 16. Bb3 a5 17. a4 Bxb3 18. Nxb3 Ne6 19. c3 Bf6 20. h4 h5 21. g3
Be7 22. Ke2 b6 23. Rhd1 f6 24. Rd5 Kf7 25. Rad1 Ke8 26. R1d2 c6 27. Rxd8+ Rxd8
28. Rxd8+ Bxd8 29. Nd2 Kd7 30. Kd3 c5 31. Nc4 Kc6 32. f4 exf4 33. gxf4 Bc7 34.
f5 gxf5 35. exf5 Ng7 36. Ke4 Bg3 37. Bf4 Bxh4 38. Ne3 Ne8 39. Ng2 Bg5 40. Bxg5
fxg5 41. Ke5 Kd7 42. f6 Nd6 43. Ne3 h4 44. Ng4 h3 45. b3 Nf7+ 46. Kf5 Nh6+ 47.
Nxh6 h2 48. f7 Ke7 0-1

[Event "Dt. Senioren-Mannschaftsmeisterschaft der Landesverbände 2017"]
[Site "Templin"]
[Date "2017.09.28"]
[Round "4.4"]
[White "Vatter, Hans-Joachim"]
[Black "Burchardt, Brigitte"]
[Result "1-0"]
[BlackElo "2191"]
[WhiteElo "2203"]
[LiveChessVersion "1.4.8"]

1. e4 c5 2. Nf3 d6 3. d4 cxd4 4. Nxd4 Nf6 5. Nc3 a6 6. h3 e5 7. Nde2 Be6 8. g4
Be7 9. Bg2 O-O 10. Be3 Nbd7 11. a4 b6 12. O-O Qc7 13. Nd5 Bxd5 14. exd5 b5 15.
g5 Nh5 16. Bf3 g6 17. Bxh5 gxh5 18. h4 Rac8 19. axb5 axb5 20. Ra7 Qd8 21. Ng3 f5
22. Nxh5 f4 23. Qg4 Rc7 24. g6 Bf6 25. Kh2 fxe3 26. Rg1 h6 27. Qe6+ Kh8 28. Rxc7
exf2 29. Rxd7 fxg1=Q+ 30. Kxg1 Qb6+ 31. Kg2 Bg7 32. Rf7 Qd8 33. Rxg7 Rf2+ 34.
Kg1 1-0

[Event "Dt. Senioren-Mannschaftsmeisterschaft der Landesverbände 2017"]
[Site "Templin"]
[Date "2017.09.28"]
[Round "4.5"]
[White "Schulz, Michael"]
[Black "Klundt, Klaus"]
[Result "1/2-1/2"]
[BlackElo "2321"]
[WhiteElo "2181"]
[LiveChessVersion "1.4.8"]

1. d4 d5 2. Bf4 Nf6 3. e3 e6 4. Nd2 c5 5. c3 Nc6 6. Bd3 Bd6 7. Bxd6 Qxd6 8. f4
O-O 9. a3 Ne8 10. Ngf3 f5 11. Ne5 Nf6 12. O-O 1/2-1/2

[Event "Dt. Senioren-Mannschaftsmeisterschaft der Landesverbände 2017"]
[Site "Templin"]
[Date "2017.09.28"]
[Round "4.6"]
[White "Kierzek, Matthias, Dr."]
[Black "Postler, Reinhard"]
[Result "0-1"]
[BlackElo "2221"]
[WhiteElo "2277"]
[LiveChessVersion "1.4.8"]

1. d4 d5 2. c4 c6 3. Nf3 Nf6 4. Nc3 e6 5. Bg5 h6 6. Bh4 Nbd7 7. e3 g5 8. Bg3 Nh5
9. Be5 Nhf6 10. Be2 Nxe5 11. Nxe5 Nd7 12. f4 gxf4 13. exf4 Nxe5 14. fxe5 Qg5 15.
O-O h5 16. Rf3 h4 17. Qd3 Rg8 18. Bf1 Bd7 19. Re1 Rg7 20. Re2 Be7 21. Ref2 Qh5
22. c5 Bg5 23. Ne2 Rd8 24. Nf4 Qh7 25. Qb3 Bc8 26. Nh3 Be7 27. Qe3 Kf8 28. Bd3
Qh5 29. Nf4 Qg5 30. Ng6+ Rxg6 31. Rxf7+ Ke8 32. Bxg6 Qxg6 33. Qf4 Kd7 34. Qxh4
Re8 35. Qh7 Qg4 36. R7f4 Qd1+ 37. Rf1 Qe2 38. R1f2 Qe1+ 39. Rf1 Qe3+ 40. Kh1 b6
41. Qf7 Ba6 42. Rf6 Bxf1 43. Qxe6+ Kd8 44. Rxf1 Qe2 45. Rg1 Rh8 46. h3 Qe3 47.
cxb6 axb6 48. Kh2 Qxd4 49. Rf1 Rh5 50. Rf6 Qxe5+ 51. Qxe5 Rxe5 52. Rxc6 d4 53.
Rc1 Re2 54. Kg3 Rxb2 55. a4 Ra2 56. Rc4 Bc5 57. a5 Rxa5 0-1

[Event "Dt. Senioren-Mannschaftsmeisterschaft der Landesverbände 2017"]
[Site "Templin"]
[Date "2017.09.28"]
[Round "4.7"]
[White "Baumbach, Friedrich, Dr."]
[Black "Baum, Bernd, Dr."]
[Result "0-1"]
[BlackElo "2268"]
[WhiteElo "2156"]
[LiveChessVersion "1.4.8"]

1. d4 d5 2. c4 e6 3. Nc3 c6 4. e3 Nd7 5. e4 dxe4 6. Nxe4 Ngf6 7. Bd3 e5 8. Nf3
exd4 9. O-O Be7 10. Nxd4 Ne5 11. Nxf6+ Bxf6 12. Be2 O-O 13. Be3 Qe7 14. h3 c5
15. Nb5 Be6 16. Qc2 a6 17. Na3 Nc6 18. Rad1 Rfd8 19. Nb1 Nb4 20. Qb3 Bf5 21. Na3
b6 22. Bf3 Rac8 23. Bd5 Nxd5 24. cxd5 b5 25. Bc1 c4 26. Qf3 Qe4 27. Qxe4 Bxe4
28. Rfe1 Rxd5 29. Rxd5 Bxd5 30. Nc2 Rd8 31. f3 Be6 32. Kf2 a5 33. Ne3 h5 34. f4
g6 35. Kf3 Rd3 36. g4 hxg4+ 37. hxg4 c3 38. b3 b4 39. Ke2 Rd8 40. f5 Bc8 41.
fxg6 fxg6 42. Kf3 Rd4 43. Rg1 Bb7+ 44. Ke2 Be4 45. Rd1 Bb1 46. Rxd4 Bxd4 47. a3
Bc5 48. axb4 axb4 49. Kd1 Be4 50. g5 Kf7 51. Nc4 Ke6 52. Bf4 Bd5 53. Kc2 Kf5 54.
Bc1 Ke4 55. Na5 Kf3 56. Nc4 Be4+ 57. Kd1 Bf5 58. Ne5+ Ke4 59. Nc4 Be6 60. Kc2
Be7 61. Na5 Kf3 62. Nc6 Bf5+ 63. Kd1 Bc5 64. Ne5+ Ke4 65. Nc4 Bd4 66. Kc2 Kd5+
67. Kd1 Bd3 68. Ne3+ Ke4 69. Ng4 Kf3 70. Nf6 Be4 71. Ke1 Bf2+ 72. Kd1 c2+ 0-1

[Event "Dt. Senioren-Mannschaftsmeisterschaft der Landesverbände 2017"]
[Site "Templin"]
[Date "2017.09.28"]
[Round "4.8"]
[White "Kierzek, Mira"]
[Black "Witte, Manfred"]
[Result "1/2-1/2"]
[BlackElo "2139"]
[WhiteElo "2037"]
[LiveChessVersion "1.4.8"]

1. Nf3 c5 2. c4 Nc6 3. Nc3 g6 4. g3 Bg7 5. Bg2 e6 6. e4 Nge7 7. O-O O-O 8. d3 d6
9. Be3 Nd4 10. Qd2 Nec6 11. Bg5 Qd7 12. Bh6 a6 13. Bxg7 Kxg7 14. Nxd4 Nxd4 15.
f4 f6 16. Rae1 Rb8 17. b3 b5 18. e5 dxe5 19. fxe5 f5 20. Qf2 Bb7 21. Bxb7 Qxb7
22. Ne2 Rbd8 23. Nf4 b4 24. Rd1 g5 25. Ng2 Rf7 26. Qe3 h6 27. Rf2 Rdf8 28. Rdf1
a5 29. Ne1 f4 30. gxf4 gxf4 31. Qh3 Kh7 32. Nf3 Rg7+ 33. Rg2 Rxg2+ 34. Kxg2 Rf5
35. Re1 Qg7+ 36. Kf2 Nxf3 37. Qxf3 Rxe5 38. Re4 Rxe4 39. Qxe4+ 1/2-1/2

[Event "Dt. Senioren-Mannschaftsmeisterschaft der Landesverbände 2017"]
[Site "Templin"]
[Date "2017.09.28"]
[Round "4.9"]
[White "Rotstein, Jefim"]
[Black "Giesen, Dieter"]
[Result "1/2-1/2"]
[BlackElo "2215"]
[WhiteElo "2322"]
[LiveChessVersion "1.4.8"]

1. e4 e5 2. Nf3 Nf6 3. Nc3 Nc6 4. d4 exd4 5. Nxd4 Bb4 6. Nxc6 bxc6 7. Bd3 d5 8.
exd5 Qe7+ 9. Qe2 Qxe2+ 10. Bxe2 cxd5 11. O-O c6 12. Na4 O-O 13. c3 Bd6 14. Be3
Re8 15. Rfe1 Bf5 16. Bc5 Ne4 17. Bxd6 Nxd6 18. Nc5 a5 19. Rad1 a4 20. Bf1 Rxe1
21. Rxe1 a3 22. bxa3 Rxa3 23. Nb7 Ne4 24. f3 Nf6 25. c4 Rxa2 26. cxd5 cxd5 27.
g4 Bc8 28. Nd6 Be6 29. h3 1/2-1/2

[Event "Dt. Senioren-Mannschaftsmeisterschaft der Landesverbände 2017"]
[Site "Templin"]
[Date "2017.09.28"]
[Round "4.10"]
[White "Kargoll, Peter"]
[Black "Khanukov, Boris"]
[Result "1-0"]
[BlackElo "2306"]
[WhiteElo "2163"]
[LiveChessVersion "1.4.8"]

1. d4 Nf6 2. Nf3 e6 3. e3 c5 4. Bd3 d5 5. c3 Nc6 6. O-O Bd6 7. Nbd2 O-O 8. e4
cxd4 9. cxd4 e5 10. dxe5 Nxe5 11. Nxe5 Bxe5 12. h3 Be6 13. exd5 Bxd5 14. Nf3 Bc7
15. Nd4 Qd6 16. g3 Bb6 17. Nf5 Qe6 18. Bg5 Be4 19. Bxe4 Nxe4 20. Qg4 h5 21. Qf4
f6 22. Bh6 gxh6 23. Rae1 Rae8 24. Kh2 Qe5 25. Qf3 Rf7 26. Qxh5 Rh7 27. Rxe4 Qxe4
28. Nd6 Re5 29. Nxe4 1-0

[Event "Dt. Senioren-Mannschaftsmeisterschaft der Landesverbände 2017"]
[Site "Templin"]
[Date "2017.09.28"]
[Round "4.11"]
[White "Hassenrueck, Helmut"]
[Black "Fecht, Hans-Peter"]
[Result "1/2-1/2"]
[BlackElo "2090"]
[WhiteElo "2167"]
[LiveChessVersion "1.4.8"]

1. d4 d5 2. Nf3 Nf6 3. c4 c6 4. Nc3 a6 5. e3 Bf5 6. cxd5 cxd5 7. Ne5 Nc6 8. Be2
e6 9. Qb3 Bd6 10. Qxb7 Nxe5 11. dxe5 Bxe5 12. Qc6+ Nd7 13. Bxa6 O-O 14. O-O
Bxh2+ 15. Kxh2 Ne5 16. Qa4 Ng4+ 17. Kg3 Qd6+ 18. Qf4 Qxa6 19. Bd2 f6 20. Nxd5 g5
21. Ne7+ Kf7 22. Qb4 Rfb8 23. Qc5 Rb5 24. Qc4 Kxe7 25. Bb4+ Ke8 26. a4 Rxb4 27.
Qxb4 h5 28. Qb5+ Qxb5 29. axb5 h4+ 30. Kf3 Ne5+ 31. Ke2 Rxa1 32. Rxa1 Bd3+ 33.
Kd2 Bxb5 34. Ra7 Bf1 35. f4 Nc4+ 36. Kc3 Nxe3 37. fxg5 fxg5 38. Kd4 Nxg2 39. Rg7
Nf4 40. Rxg5 h3 41. Rg8+ Kf7 42. Rh8 Kf6 43. Ke3 Kg5 44. Kf2 Bg2 45. Kg3 Nd3 46.
Rb8 e5 47. b4 Kf5 48. b5 Ke6 49. Rd8 Nc5 50. Rh8 Kd5 51. Rh6 Nb7 52. b6 Nd6 53.
Kf2 Nb7 54. Kg3 Kd4 55. Rh7 Nc5 56. Rh5 Nb7 57. Rh7 Kc5 58. Rh5 Kd6 59. Rh6+ Kd5
60. Rh7 Ke6 61. Rh6+ Kf5 62. Rh5+ Kf6 63. Rh6+ Kg5 64. Re6 Kf5 65. Re7 Nd6 66.
Rh7 Kg6 67. Rd7 Nb7 68. Re7 Kf6 69. Rh7 Nc5 70. Rc7 Nb7 71. Rh7 Kf5 72. Rh5+ Ke4
73. Rh7 Ke3 74. Re7 Kd4 75. Rd7+ Kc5 76. Re7 Kd6 77. Rh7 Nc5 78. Rh6+ Kd7 79.
Rh5 Kd6 80. Rh6+ Kd7 81. Rh5 Nd3 82. Rh6 Kc8 83. Rh7 Nc5 84. Re7 1/2-1/2

[Event "Dt. Senioren-Mannschaftsmeisterschaft der Landesverbände 2017"]
[Site "Templin"]
[Date "2017.09.28"]
[Round "4.13"]
[White "Salov, Sergej"]
[Black "Kyas, Juergen"]
[Result "1/2-1/2"]
[BlackElo "2200"]
[WhiteElo "2215"]
[LiveChessVersion "1.4.8"]

1. e4 c5 2. Nf3 Nc6 3. Bb5 e6 4. Bxc6 bxc6 5. d3 Ne7 6. Bd2 Ng6 7. h4 h5 8. e5
Be7 9. Qe2 f6 10. Bc3 d5 11. exd6 Qxd6 12. g3 e5 13. Nfd2 Qd5 14. Rh2 Kf7 15.
Na3 Bg4 16. f3 Be6 17. Nac4 Rae8 18. O-O-O Qd7 19. Ne4 Bd5 20. Qf2 Rd8 21. Rf1
Bxe4 22. fxe4 Qe6 23. Bd2 Nf8 24. Be3 Nd7 25. b3 Rb8 26. Rg2 Rh7 27. Qd2 Nb6 28.
Qa5 Nxc4 29. dxc4 Qg4 30. Bxc5 Qxe4 31. Rd2 Bxc5 32. Qxc5 Rb7 33. Rfd1 Kg6 34.
a4 Rh8 35. Rd7 Rhb8 36. Rxb7 Rxb7 37. a5 Rc7 38. a6 Qf3 39. Rd3 Qg2 40. Kb2 e4
41. Rc3 Qd2 42. b4 Qd7 43. Kb3 Kf7 44. Qxh5+ Kg8 45. Qg6 Qe6 46. Re3 Re7 47. g4
Qe5 48. Qf5 Qd4 49. Qf4 Qa1 50. Qd6 Qb1+ 51. Kc3 Qa1+ 52. Kd2 Kf7 53. g5 Qxa6
54. gxf6 gxf6 55. Qc5 Qb6 56. Qh5+ Kf8 57. Qh8+ Kf7 58. Qh7+ Kf8 59. Qh8+ Kf7
60. Qh7+ 1/2-1/2

[Event "Dt. Senioren-Mannschaftsmeisterschaft der Landesverbände 2017"]
[Site "Templin"]
[Date "2017.09.28"]
[Round "4.14"]
[White "Weidlich, Guenter"]
[Black "Gruzmann, Boris"]
[Result "1/2-1/2"]
[BlackElo "2210"]
[WhiteElo "2187"]
[LiveChessVersion "1.4.8"]

1. d4 Nf6 2. Nf3 g6 3. c4 Bg7 4. Nc3 O-O 5. e4 d6 6. Be2 Bg4 7. Be3 Nfd7 8. Ng1
Bxe2 9. Ngxe2 e5 10. O-O Nc6 11. d5 Ne7 12. f3 f5 13. Nc1 Kh8 14. Nd3 c5 15. Qe2
1/2-1/2

[Event "Dt. Senioren-Mannschaftsmeisterschaft der Landesverbände 2017"]
[Site "Templin"]
[Date "2017.09.28"]
[Round "4.15"]
[White "Stark, Hans-Werner"]
[Black "Lenk, Wolfgang"]
[Result "1/2-1/2"]
[BlackElo "2179"]
[WhiteElo "2103"]
[LiveChessVersion "1.4.8"]

1. e4 d6 2. d4 Nf6 3. Nc3 g6 4. f4 Bg7 5. Nf3 O-O 6. Bd3 Nc6 7. Be3 Ng4 8. Bg1
e5 9. fxe5 dxe5 10. d5 Nd4 11. h3 Nh6 12. Bc4 c5 13. dxc6 bxc6 14. Qd3 Rb8 15.
O-O-O Qb6 16. b3 Rd8 17. Kb2 Qa5 18. Nb1 Be6 19. Nxd4 exd4 20. Bh2 Bxc4 21. Qxc4
Rbc8 22. g4 Re8 23. Rhe1 Kh8 1/2-1/2

[Event "Dt. Senioren-Mannschaftsmeisterschaft der Landesverbände 2017"]
[Site "Templin"]
[Date "2017.09.28"]
[Round "4.16"]
[White "Boehm, Erwin"]
[Black "Neumann, Joachim"]
[Result "1/2-1/2"]
[BlackElo "2093"]
[WhiteElo "2154"]
[LiveChessVersion "1.4.8"]

1. g3 d5 2. Bg2 Nf6 3. Nf3 c6 4. d3 Bf5 5. O-O h6 6. b3 Nbd7 7. Bb2 e6 8. Nbd2
Bd6 9. e4 Bg4 10. h3 Bxf3 11. Nxf3 Qc7 12. Qe2 dxe4 13. dxe4 Bc5 14. c4 e5 15.
a3 a5 16. b4 Be7 17. Bc3 axb4 18. axb4 Rxa1 19. Rxa1 O-O 20. c5 b6 21. cxb6 Qxb6
22. Qc4 Qb5 23. Qxb5 cxb5 24. Nxe5 Nxe5 25. Bxe5 Bxb4 26. Rb1 Bd2 27. Rxb5 Re8
28. Kf1 Rc8 29. Bb2 Bc3 30. Bxc3 Rxc3 31. e5 Nd7 32. Rd5 Nf8 33. Rd8 g6 34. Bd5
Kg7 35. Ke2 Rc7 36. Kd3 Ra7 37. Ra8 Rd7 38. Ke4 Re7 39. f4 f6 40. Kd4 fxe5+ 41.
fxe5 Nd7 42. e6 Nb6 43. Rb8 Nxd5 44. Kxd5 Kf6 45. Rh8 Kg7 46. Kd6 Rxe6+ 47. Kxe6
Kxh8 48. Kf7 Kh7 49. g4 g5 50. Kf6 h5 1/2-1/2

[Event "Sachsen 2-Blindenschachbund"]
[Site "Templin"]
[Date "2017.09.28"]
[Round "4.1"]
[White "Riegler, Dieter"]
[Black "Bodach, Hans"]
[Result "0-1"]
[BlackElo "2183"]
[BlackTeam "Sachsen 2"]
[Board "1"]
[WhiteElo "2013"]
[WhiteTeam "Blindenschachbund"]

1. d4 Nf6 2. c4 e6 3. Nc3 Bb4 4. Qc2 d5 5. cxd5 exd5 6. a3 Be7 7. Bg5 h6 8. Bh4
c6 9. e3 O-O  10. Nf3 Nbd7 11. Be2 Re8 12. O-O   Ne4 13. Bxe7 Qxe7
14. b4 a6 15. Rab1 Ndf6 16. Ne5 Bd7 17. Na4 b5 18. Nb6 Rac8 19. Nxc8 Rxc8 20.
Bd3 Nd6 21. Nxd7 Qxd7 22. a4 Re8 23. axb5 axb5 24. Rfe1 Nc4 25. Qc3 g6 26. Ra1
Kg7 27. Ra2 Ne4 28. Bxe4 Rxe4 29. f3 Re7 30. e4 Qe8 31. e5 Qd7 32. g4 Qe6 33.
h3 g5 34. Qc1 f6 35. Rae2 fxe5 36. dxe5 d4 37. f4 gxf4 38. Qxf4 d3 39. Qf6+ Kg8
40. Qf4 dxe2 41. Rxe2 Rf7 42. Qe4 Kg7 43. Qd4 Rd7 44. Qf4 Rd5 45. Rf2 Rxe5 46.
Qf8+ Kg6 47. Kh2 Rd5 48. h4 Qd6+  0-1

[Event "Sachsen 2-Blindenschachbund"]
[Site "Templin"]
[Date "2017.09.28"]
[Round "4.2"]
[White "Selig, Rainer"]
[Black "Dobierzin, Olaf"]
[Result "0-1"]
[BlackElo "2001"]
[BlackTeam "Blindenschachbund"]
[Board "2"]
[WhiteElo "2096"]
[WhiteTeam "Sachsen 2"]

1. d4 Nf6 2. Nf3 g6 3. c4 Bg7 4. Nc3 O-O  5. e4 d6 6. h3 e5 7. Be3 exd4 8.
Nxd4 Re8 9. Qc2 c6 10. Be2 Qe7 11. Bf3 Nbd7 12. Nb3 Nc5 13. Nd2 a5 14. O-O 
Nfd7 15. g3 Ne5 16. Bg2 Ned3 17. Rad1 Qf6 18. Ndb1 Ne5 19. Qe2 Qe7 20. f4 Ned7
21. Qd2 f5 22. Qxd6 Qxd6 23. Rxd6 Nxe4 24. Nxe4 fxe4 25. Rfd1 Nf8 26. Bd4 Be6
27. Bxg7 Kxg7 28. b3 a4 29. Nd2 axb3 30. axb3 e3 31. Nf3 Bf5 32. Nd4 Be4 33.
Re1 Bxg2 34. Kxg2 c5 35. Ne2 Ra2 36. Kf3 Rb2 37. Rb6 Re7  38. Nc3 Ne6 39.
Nd5 Nd4+ 40. Kg4 h5+ 41. Kg5  Nf3#  0-1

[Event "Sachsen 2-Blindenschachbund"]
[Site "Templin"]
[Date "2017.09.28"]
[Round "4.3"]
[White "Heinich, Manfred"]
[Black "Brauer, Christian"]
[Result "0-1"]
[BlackElo "2094"]
[BlackTeam "Sachsen 2"]
[Board "3"]
[WhiteElo "1978"]
[WhiteTeam "Blindenschachbund"]

1. d4 e6 2. c4 f5 3. Nf3 Nf6 4. g3 d5 5. Bg2 c6 6. O-O  Bd6 7. b3 Qe7 8. a4
a5 9. Ba3 Bxa3 10. Nxa3 O-O  11. e3 Bd7  12. Ne5 Be8 13. Nc2 Nbd7 14.
Nxd7 Bxd7 15. Ne1 Be8 16. Nd3 Bh5 17. Qc2 Nd7 18. Rab1 Ra7 19. Rfe1 Bf7 20. Qc3
Rfa8 21. f3 Qf6 22. c5 Rb8 23. b4 axb4 24. Rxb4 g5 25. Reb1 Qd8 26. e4 fxe4 27.
fxe4 Bg6 28. exd5 exd5 29. Re1 Qf6 30. Ne5 Nxe5 31. Rxe5 Rf8 32. Qe3 h6 33. Re7
Be4 34. Rbxb7 Rxb7 35. Rxb7 Bxg2 36. Kxg2 Qf1#  0-1

[Event "Sachsen 2-Blindenschachbund"]
[Site "Templin"]
[Date "2017.09.28"]
[Round "4.4"]
[White "Westphal, Norbert, Dr."]
[Black "Hahn, Volker, Dr."]
[Result "1-0"]
[BlackElo "1747"]
[BlackTeam "Blindenschachbund"]
[Board "4"]
[WhiteElo "1947"]
[WhiteTeam "Sachsen 2"]

1. Nf3 Nf6 2. g3 g6 3. Bg2 Bg7 4. O-O  O-O  5. d4 d5 6. c4 c6 7. cxd5
cxd5 8. Nc3 Nc6 9. e3 b6 10. Ne5 Bb7 11. f4 e6 12. b3 a6 13. Ba3 Re8 14. Rc1
Rc8 15. Rf2 Bf8 16. Bb2 Ne7 17. g4 Qd6 18. Rfc2 Red8 19. Nc4 dxc4 20. Bxb7 cxb3
21. axb3 Rb8 22. Bxa6 Ned5 23. Nxd5 Nxd5 24. Rc6 Qe7 25. Qe2 Ra8 26. Bb5 Ra2
27. Bc4 Nxe3 28. Qxe3 Rxb2 29. Qc3 Qa3 30. Qe1 Rxd4 31. Bxe6 Qa7 32. Rc7 Qxc7
33. Rxc7 Rxf4 34. Rxf7 Bc5+ 35. Kh1 Rxf7 36. Bxf7+ Kxf7 37. Qc3 Rf2 38. b4 Be7
39. Qc4+ Kf8 40. Qd4 Rf6 41. g5 Re6 42. Qh8+ Kf7 43. Qxh7+ Kf8 44. Qh4 Kg7 45.
Qd4+ Kf8 46. h4 Ke8 47. Qg4 Kf7 48. Qc4 Bd8 49. h5 gxh5 50. g6+ Kf6 51. g7  1-0

[Event "Bremen-Nordrhein-Westfalen 2"]
[Site "Templin"]
[Date "2017.09.28"]
[Round "4.1"]
[White "Zimmermann, Rolf"]
[Black "Buchal, Stephan"]
[Result "1/2-1/2"]
[BlackElo "2347"]
[BlackTeam "Bremen"]
[Board "1"]
[WhiteElo "2165"]
[WhiteTeam "Nordrhein-Westfalen 2"]

1. c4 g6 2. d4 Bg7 3. Nc3 d6 4. e4 Nf6 5. f3 O-O 6. Be3 a6 7. Bd3 Nbd7 8. Nge2
c5 9. O-O b6 10. Rc1 Bb7 11. b3 e6 12. Re1 Qc7 13. Bb1 Rad8 14. Qd2 Qb8 15. d5
exd5 16. Nxd5 Nxd5 17. exd5 Rde8 18. a4 Qd8 19. Bg5 Bf6 20. Bxf6 Nxf6 21. Nc3
Rxe1+ 22. Rxe1 Re8 23. Bd3 Bc8 24. Rxe8+ Nxe8 25. Qf4 Qe7 26. Qe4 Qd8 27. Qf4
Bd7 28. Ne4 Qe7 29. h4 Bf5 30. g3 Kg7 31. Kg2 h6 32. Nf2 Bd7 33. Ne4 Bf5 34.
Nf2 Bd7 35. Ne4 Bf5  1/2-1/2

[Event "Bremen-Nordrhein-Westfalen 2"]
[Site "Templin"]
[Date "2017.09.28"]
[Round "4.2"]
[White "Franke, Reiner, Prof. Dr."]
[Black "Bogorad, Michail"]
[Result "1-0"]
[BlackElo "2109"]
[BlackTeam "Nordrhein-Westfalen 2"]
[Board "2"]
[WhiteElo "2255"]
[WhiteTeam "Bremen"]

1. d4 Nf6 2. c4 e6 3. Nf3 c5 4. d5 exd5 5. cxd5 d6 6. Nc3 g6 7. Nd2 Nbd7 8. e4
Bg7 9. Be2 O-O  10. O-O  Ne8 11. a4 Qe7 12. Re1 h6 13. Kh1 g5 14. g3
Ne5 15. f4 gxf4 16. gxf4 Ng6 17. f5 Nf4 18. Nf3 Nxe2 19. Qxe2 Kh8 20. Bf4 Qf6
21. Rg1 Bd7 22. Rg3 a6 23. Rh3 Bxf5 24. exf5 Qxf5 25. Rh4 Nf6 26. Bxh6 Bxh6 27.
Rxh6+ Nh7 28. Qe4  1-0

[Event "Bremen-Nordrhein-Westfalen 2"]
[Site "Templin"]
[Date "2017.09.28"]
[Round "4.3"]
[White "Andersen, Knut"]
[Black "Rust-Lux, Klaus"]
[Result "1/2-1/2"]
[BlackElo "2065"]
[BlackTeam "Bremen"]
[Board "3"]
[WhiteElo "2108"]
[WhiteTeam "Nordrhein-Westfalen 2"]

1. d4 Nf6 2. Nc3 g6 3. e4 d6 4. Bg5 Bg7 5. Qd2 c6 6. O-O-O b5 7. f3 O-O  8.
Bh6 b4 9. Nb1 Qa5 10. Bxg7 Kxg7 11. Bc4 Ba6 12. Bb3 Nbd7 13. Ne2 c5 14. c4 cxd4
15. Qxd4 Nb6 16. Nd2 Rac8 17. Kb1 e5 18. Qd3 d5 19. exd5 Nbxd5 20. f4 Rfd8 21.
Qf3 Nxf4 22. Nxf4 exf4 23. Qxf4 Qc7 24. Rhf1 Qxf4 25. Rxf4 Rd7 26. Kc1 Bb7 27.
Nf3 Rxd1+ 28. Kxd1 Ne4 29. Ne5 Rd8+ 30. Kc2 f5 31. Nd3 a5 32. g4 fxg4 33. c5
Nf6 34. Ne5 Be4+ 35. Kc1 Rc8 36. Kd2 Rxc5 37. Nxg4 Bf5 38. Ne3 Bd7 39. Rd4 Rh5
40. h4 Bb5 41. a4 bxa3 42. bxa3 Re5 43. Nc4 Bxc4 44. Bxc4 Re4 45. Kd3 Re1 46.
Bb3 Re5 47. Kc4 h6 48. Ba4 g5 49. hxg5 hxg5 50. Bd1 Kf7 51. Kb3 Ke7 52. Ka4 Nd7
53. Kb3 Nb6 54. Bc2 Re3+ 55. Kb2 Ke6 56. Re4+ Rxe4 57. Bxe4 g4 58. Kc3 Ke5 59.
Bh1 g3 60. Kd3 Kd6 61. Kd4 Nc8 62. Kc4 Na7 63. Bg2 Kc7 64. Kc5  1/2-1/2

[Event "Bremen-Nordrhein-Westfalen 2"]
[Site "Templin"]
[Date "2017.09.28"]
[Round "4.4"]
[White "Ditmas, Hugh"]
[Black "Haselhorst, Helmut"]
[Result "1/2-1/2"]
[BlackElo "2067"]
[BlackTeam "Nordrhein-Westfalen 2"]
[Board "4"]
[WhiteElo "1993"]
[WhiteTeam "Bremen"]

1. d4 Nf6 2. c4 g6 3. Nc3 Bg7 4. e4 d6 5. Be2 O-O  6. Nf3 Bg4 7. Be3 Nfd7 8.
Ng1 Bxe2 9. Ngxe2 e5 10. O-O  exd4 11. Nxd4 Nc6 12. Qd2 Nc5 13. Nxc6 bxc6
14. Bd4 Bxd4 15. Qxd4 Qg5 16. f4 Ne6 17. Qd2 Qc5+ 18. Kh1 f5 19. exf5 Qxf5 20.
Rae1 Rae8 21. g3 Nc5 22. Rxe8 Rxe8 23. Re1 Rxe1+ 24. Qxe1 Kf7 25. Qe2 d5 26.
Qe3 Ne6 27. Qf3 d4 28. Ne4 Ke7 29. Kg2 Kd7 30. b4 Kc8 31. Qd3 Qxf4 32. Qxd4
Qxg3+ 33. Kxg3 Nxd4 34. Nf6 Nc2 35. Nxh7 Nxb4 36. a4 a5 37. Nf8 Nd3 38. Nxg6
Kd7 39. h4 Ke8 40. h5 Kf7 41. Kf3 Kf6 42. Nf4 Ne5+ 43. Ke4 Nxc4 44. Nd3 Kg5 45.
Ne5 Nb6 46. Nxc6 Nxa4 47. Nxa5 Kxh5 48. Kd5 c5 49. Nb3 Kg5 50. Nxc5 Nxc5 51.
Kxc5  1/2-1/2

[Event "Bayern 1-Württemberg 1"]
[Site "Templin"]
[Date "2017.09.28"]
[Round "4.2"]
[White "Jergler, Karl-Heinz"]
[Black "Weisenburger, Horst"]
[Result "1/2-1/2"]
[BlackElo "2137"]
[BlackTeam "Württemberg 1"]
[Board "2"]
[WhiteElo "2198"]
[WhiteTeam "Bayern 1"]

1. e4 c5 2. c3 d5 3. exd5 Qxd5 4. d4 Bf5 5. Be3 cxd4 6. cxd4 Bxb1 7. Rxb1 e6 8.
a3 Nf6 9. Be2 Nc6  10. Nf3 Qa5+ 11. Bd2 Qb6  12. O-O  Be7 13. Qa4
 O-O  14. Rfd1 Rfd8 15. Be3 Nd5 16. Qc2 Nxe3 17. fxe3 e5 18. Qe4 exd4
19. Nxd4 Nxd4 20. exd4 Bf6 21. Kh1 Re8 22. Qf3 Bxd4 23. Bc4 Re7 24. Rf1 Bf6 25.
b3 Rae8 26. Rbd1 Qc5 27. a4 Qe3 28. Qf5 Qe5 29. Qh3 Qe3 30. Qf5 Qe5 31. Qh3 Qe3
32. Qf5 Qe5 33. Qc2 Qh5 34. Bb5 Rf8 35. h3  1/2-1/2

[Event "Bayern 1-Württemberg 1"]
[Site "Templin"]
[Date "2017.09.28"]
[Round "4.3"]
[White "Bräuner, Uwe"]
[Black "Oechslein, Rainer"]
[Result "0-1"]
[BlackElo "2294"]
[BlackTeam "Bayern 1"]
[Board "3"]
[WhiteElo "2176"]
[WhiteTeam "Württemberg 1"]

1. b3 Nf6 2. Bb2 e6 3. e3 c5 4. Nf3 Be7 5. g3 O-O  6. Bg2 Nc6 7. d3 Qc7 8.
Qe2 b6 9. a3 Bb7 10. Nbd2 d5 11. e4 dxe4 12. Nxe4 Nxe4 13. dxe4 e5 14. O-O 
a5 15. Rfd1 a4 16. c4 axb3 17. Qe3 Nd4 18. Nxd4 cxd4 19. Qxb3 Ra5 20. f3 Rfa8
21. Bf1 Bc5 22. Bd3 Kf8 23. Kg2 Ke7 24. Rab1 Bc6 25. Rd2 Ba4 26. Qa2 Qd6 27.
Bc1 Bd7 28. Qb3 Qh6 29. Rd1 Qh3+  0-1